[Event "5th Cesme Open 2017"]
[Site "Cesme"]
[Date "2017.06.13"]
[Round "3.7"]
[White "Bashirli, Nail"]
[Black "Shanava, Konstantine"]
[Result "1/2-1/2"]
[WhiteElo "2345"]
[BlackElo "2516"]
[Annotator "TA"]
[PlyCount "113"]
[EventType "swiss"]
[EventCountry "TUR"]
[SourceTitle "playchess.com"]
[Source "ChessBase"]
[SourceQuality "1"]

{[%evp 21,113,69,68,64,68,50,67,61,45,60,78,27,50,33,45,26,30,30,23,19,25,27,30,25,25,12,18,0,0,0,0,0,0,0,0,-2,0,0,26,11,50,33,31,31,28,8,10,8,21,8,28,19,50,50,44,47,68,5,86,58,97,100,91,72,200,-4,150,158,156,106,108,0,65,72,165,170,135,49,123,126,181,161,181,169,199,36,68,23,20,60,68,14,14,14]} 1. e4 c5 2. Nf3 Nc6 3. d4 cxd4 4. Nxd4 g6 5. c4 Bg7 6. Be3 Nf6 7. Nc3 O-O 8. Be2 b6 9. O-O Bb7 10. f3 d6 11. Qd2 Rc8 12. Rfd1 {B38: Sicilian: Maroczy Bind with 5...Bg7 and 7...0-0} (12. Rac1 Nd7 13. Nxc6 Rxc6 14. Rfd1 a6 15. b4 Ne5 16. c5 bxc5 17. bxc5 Nd7 18. Nd5 dxc5 19. Nxe7+ Qxe7 20. Qxd7 Qxd7 21. Rxd7 {½-½ (47) Petr,M (2531)-Studnicka,T (2359) Czechia 2015}) 12... Nd7 13. b3 $146 ({Predecessor:} 13. Rac1 Nxd4 14. Bxd4 Ne5 15. b3 f5 16. exf5 gxf5 17. f4 Bh6 18. Qe3 Ng6 19. Qe6+ Rf7 {1-0 (34) Rukavina,J (2423)-Jelica,M (2228) Pula 2009}) 13... Nxd4 14. Bxd4 {White is slightly better.} Bxd4+ 15. Qxd4 Re8 16. Nd5 (16. Rac1 $16) 16... Nc5 17. Rac1 e5 18. Qe3 Ne6 19. Nc3 Bc6 20. Bf1 Qe7 21. Rd2 h5 22. g3 Rcd8 23. Rcd1 Kg7 24. Bg2 h4 25. f4 hxg3 26. hxg3 Nd4 27. Ne2 Nxe2+ 28. Rxe2 Qf6 29. Rf1 Re7 30. f5 g5 31. Bf3 Rh8 32. Rff2 Ree8 33. Rh2 Rxh2 34. Rxh2 Rh8 35. Rd2 Kf8 36. a4 Qh6 37. Bg2 g4 38. Qf2 Qf6 39. a5 (39. Qe2 $14) 39... Qd8 (39... bxa5 $11 {keeps the balance.} 40. Qxa7 Qh6) 40. b4 {[%cal Bb3b4,Bb4b5][%mdl 32]} Rh6 41. Qe3 Kg7 42. b5 Be8 (42... Bb7 $16 {might work better.}) 43. Kf2 $2 {[#]} ({Better is} 43. Bf1 $18) 43... Rh5 $2 (43... bxa5 $11 44. Bf1 (44. Qxa7 Qc8 $15) 44... Qc7) 44. axb6 $16 axb6 45. Qd3 Rh6 46. Qe3 (46. Qe2 $16) 46... Kh7 (46... Rh5 $11) 47. Kg1 $14 Qc7 (47... Qa8 $16) 48. Bf1 $18 Qa7 49. Qc3 (49. Kg2 $16) 49... Qc7 (49... Bd7 $14) 50. Qa3 Kg7 (50... Bd7 $16) 51. Rd5 Bd7 {[#]} 52. Qe3 $1 Bc8 53. Rd2 $2 ({White should try} 53. Qg5+ $18 Kh7 54. c5 (54. Qxg4 Bb7 $11) 54... bxc5 55. Rd2) 53... Kh7 54. Rh2 Rxh2 55. Kxh2 f6 56. Be2 (56. Qd3 $14) 56... Qc5 $11 57. Qxc5 {Precision: White = 51%, Black = 32%.} 1/2-1/2

[Event "5th Cesme Open 2017"]
[Site "Cesme"]
[Date "2017.06.13"]
[Round "3.8"]
[White "Quparadze, Giga"]
[Black "Chighladze, Iveri"]
[Result "1/2-1/2"]
[WhiteElo "2509"]
[BlackElo "2326"]
[Annotator "TA"]
[PlyCount "41"]
[EventType "swiss"]
[EventCountry "TUR"]
[SourceTitle "playchess.com"]
[Source "ChessBase"]
[SourceQuality "1"]

{[%evp 22,23,0,0]} 1. c4 c6 2. d4 d5 3. cxd5 cxd5 4. Nc3 Nf6 5. Nf3 Nc6 6. Bf4 Bf5 7. e3 e6 8. Bd3 Bxd3 9. Qxd3 Bd6 10. Bxd6 Qxd6 11. O-O O-O 12. Rac1 {Predecessor:} Rfc8 $146 13. h3 h6 14. Nd2 Nd7 15. a3 Nb6 16. Qb5 Qd8 17. Na4 Nxa4 18. Qxa4 Qa5 19. Qd1 Ne7 20. Qe2 Qa4 21. Qd3 {½-½ (37) Li,C (2755)-Carlsen,M (2851) Stavanger 2016} 1/2-1/2

[Event "5th Cesme Open 2017"]
[Site "Cesme"]
[Date "2017.06.13"]
[Round "3.9"]
[White "Gleizerov, Evgeny"]
[Black "Eminov, Orkhan"]
[Result "1/2-1/2"]
[WhiteElo "2507"]
[BlackElo "2290"]
[Annotator "TA"]
[PlyCount "63"]
[EventType "swiss"]
[EventCountry "TUR"]
[SourceTitle "playchess.com"]
[Source "ChessBase"]
[SourceQuality "1"]

{[%evp 18,63,55,37,88,83,79,47,93,92,100,90,105,92,103,76,96,38,39,11,11,15,21,11,11,11,11,11,10,8,11,9,9,0,0,2,5,4,8,8,8,8,8,2,4,0,2,0]} 1. d4 g6 2. e4 Bg7 3. c4 c5 4. Nf3 cxd4 5. Nxd4 Nc6 6. Be3 Nf6 7. Nc3 d6 8. Be2 O-O 9. O-O Bd7 10. f4 {LiveBook: 61 Games} Qb6 {[#] B38: Sicilian: Maroczy Bind with 5...Bg7 and 7...0-0} (10... a6 $14) (10... Rc8 11. Kh1 a6 12. Rc1 Nxd4 13. Bxd4 Bc6 14. Qd3 b5 15. cxb5 axb5 16. b4 Qd7 17. Nd5 Qb7 18. Bxf6 Bxf6 19. Nxf6+ exf6 20. Bf3 {½-½ (31) Krasenkow,M (2628)-Strikovic,A (2557) Marrakesh 2010}) 11. Nc2 $1 $16 Qa5 12. c5 Nb4 $146 {White is slightly better.} ({Predecessor:} 12... Rfd8 13. cxd6 exd6 14. a3 a6 15. Rc1 Be6 16. b4 Qc7 17. Nd4 Qe7 18. Nxe6 Qxe6 {1-0 (48) Hedreanu,P (1844)-Lagergren,H (2010) ICCF email 2007}) 13. Na3 Qc7 14. cxd6 exd6 15. Rc1 Bc6 16. Nab5 Bxb5 17. Nxb5 (17. Bxb5 $16 Qe7 18. Re1) 17... Qe7 $14 18. Rc4 ({Much worse is} 18. Qxd6 Qxe4 19. Bd4 Nfd5 $15) ({Of course not} 18. Nxd6 Nxe4 19. Nxe4 Qxe4 $15) 18... Nbd5 $1 {[%cal Rd5e3] The position is equal.} 19. Bd4 a6 20. Nxd6 Qxd6 21. exd5 Qxd5 22. Bxf6 Qxd1 23. Rxd1 {[#] Bh4 is the strong threat.} Bxf6 24. Rc7 b5 25. b4 Rfe8 26. Bf3 Rad8 {Threatens to win with ...Rxd1+.} 27. Rxd8 Rxd8 28. Rc6 Be7 29. a3 Rd6 30. Kf1 Rxc6 31. Bxc6 Bf6 32. Bb7 {Precision: White = 54%, Black = 73%.} 1/2-1/2

[Event "5th Cesme Open 2017"]
[Site "Cesme"]
[Date "2017.06.13"]
[Round "3.10"]
[White "Tuncer, Tuna"]
[Black "Ulybin, Mikhail"]
[Result "0-1"]
[WhiteElo "2302"]
[BlackElo "2499"]
[Annotator "TA"]
[PlyCount "62"]
[EventType "swiss"]
[EventCountry "TUR"]
[SourceTitle "playchess.com"]
[Source "ChessBase"]
[SourceQuality "1"]

{[%evp 23,62,58,46,50,59,64,65,54,48,39,45,45,37,45,36,-148,-140,-191,-186,-204,-202,-706,-711,-702,-681,-1769,-1713,-1707,-1664,-1403,-1318,-29986,-29987,-29987,-29988,-29988,-29989,-29996,-29997,-29998,-29999]} 1. e4 e6 2. d4 d5 3. Nd2 Nf6 4. e5 Nfd7 5. c3 c5 6. Bd3 Nc6 7. Ngf3 cxd4 8. cxd4 f6 9. exf6 Qxf6 {C06: French Tarrasch: 3...Nf6 4 e5 Nfd7 5 Bd3 main lines} 10. O-O Bd6 11. Re1 O-O 12. Bxh7+ Kxh7 {[#] LiveBook: 7 Games} 13. Rxe6 $1 {[%mdl 512]} Bxh2+ $1 (13... Qxe6 14. Ng5+) 14. Kxh2 Qf5 {[#]} 15. Kg1 $146 ({Predecessor:} 15. Re3 Nf6 16. Kg1 Kg8 17. b4 {½-½ (102) Vovk,A (2642)-Ulybin,M (2502) Cappelle-la-Grande 2015}) 15... Nxd4 16. Re3 ({Avoid the trap} 16. Nxd4 $2 Qxf2+ 17. Kh1 Qh4+ 18. Kg1 Qxd4+ 19. Kh1 Qh4+ 20. Kg1 Ne5 $1 $19 {[%mdl 512]}) 16... Nc2 17. Ng5+ $1 Kg8 18. Rf3 Qg6 19. Rb1 $2 (19. Nde4 $1 $14 {was forced to keep a grip.} Rxf3 20. gxf3) 19... Nd4 $36 {[%mdl 2048] Black is in control.} 20. Rg3 {[#]} (20. Rxf8+ $17 {was worth a try.} Nxf8 21. Ra1 (21. Nde4 $2 dxe4 22. Qxd4 e3 $19)) 20... Nf5 $1 $19 {[%cal Bd4f5,Bf5g3,Bg3e2][%mdl 32]} 21. Qc2 Ne5 22. Qc5 $2 (22. Ndf3 Nxg3 23. Qxg6 Ne2+ 24. Kf1 Nxg6 25. Kxe2) 22... Nxg3 23. Qxd5+ Nf7 24. Nxf7 {intending Ne5+.} Ne2+ 25. Kf1 Rxf7 26. Kxe2 Bf5 {Threatens to win with ...Re8+.} 27. Ra1 Re8+ {Black mates.} 28. Kf1 Bd3+ 29. Kg1 Re1+ 30. Kh2 Qh6+ 31. Kg3 Qf4+ {Precision: White = 39%, Black = 97%.} 0-1

[Event "5th Cesme Open 2017"]
[Site "Cesme"]
[Date "2017.06.13"]
[Round "3.11"]
[White "Maghalashvili, Davit"]
[Black "Sevgi, Volkan"]
[Result "1-0"]
[WhiteElo "2490"]
[BlackElo "2192"]
[Annotator "TA"]
[PlyCount "125"]
[EventType "swiss"]
[EventCountry "TUR"]
[SourceTitle "playchess.com"]
[Source "ChessBase"]
[SourceQuality "1"]

{[%evp 20,125,35,37,37,34,36,43,44,4,37,28,38,38,41,42,77,0,50,41,81,72,69,5,0,0,0,0,0,5,4,0,0,0,0,0,0,0,0,0,67,57,114,114,113,113,102,111,96,103,115,114,125,124,181,110,185,184,182,182,204,195,232,232,233,235,231,224,248,237,286,290,273,281,354,354,342,341,425,418,462,455,371,370,501,500,478,462,445,416,608,603,744,743,855,855,854,865,892,0,378,0,855,851,808,782,6111,6045]} 1. Nf3 Nf6 2. g3 b6 3. Bg2 Bb7 4. O-O e6 5. c4 Be7 6. Nc3 O-O 7. d4 Ne4 8. Bd2 Nxc3 9. Bxc3 d6 10. d5 e5 11. e4 a5 {E18: Queen's Indian: Old Main Line (4 g3 Bb7 5 Bg2 Be7 6 0-0 0-0 7 Nc3)} 12. Ne1 Bf6 13. b3 Nd7 {White is slightly better.} 14. a3 g6 15. b4 Ba6 16. Qe2 $146 ({Predecessor:} 16. b5 Bc8 17. Nd3 Qe7 18. Qe2 g5 19. Rae1 {½-½ (35) Artemchuk,T (2187)-Golichenko,I (2306) Kiev 2007}) 16... Bg7 17. Nc2 f5 18. bxa5 (18. exf5 $16 gxf5 19. Rfe1 (19. bxa5 bxa5 20. Rfc1 Nc5 $15)) 18... f4 19. Nb4 Qf6 {[#] And now ...f3 would win.} 20. Nxa6 Rxa6 21. Qg4 ({White should try} 21. Bh3 $14 Nc5 22. axb6 cxb6 23. Bb4) 21... f3 22. Bh1 $1 Nc5 {Threatens to win with ...h5.} 23. Rfe1 h5 24. Qh3 $36 {[%mdl 2048] White has the initiative.} Bh6 $1 {next ...Na4 is good for Black.} 25. axb6 Rxb6 26. Bb4 Nb3 27. Rad1 Qe7 28. Qe6+ Qxe6 29. dxe6 Nd4 (29... c5 $11 30. Bc3 Nd4 31. Bxd4 cxd4) 30. c5 $14 Rc6 ({Better is} 30... Rxb4 $14 31. axb4 dxc5) 31. e7 $16 Re8 32. cxd6 cxd6 33. Rd3 Rxe7 34. Bxf3 Nc2 35. Red1 Nxb4 36. axb4 {[%cal Ba3b4,Bb4b5][%mdl 32] Black must now prevent b5.} Rf7 (36... Rb7 $16) 37. Kg2 (37. b5 $18 Rb6 38. Be2) 37... Bf8 (37... Kg7 $16 {is a better defense.} 38. b5 (38. Rxd6 Rxd6 39. Rxd6 Rb7 $16) 38... Rb6) 38. b5 $18 Rb6 39. Rb3 Rc7 40. Rd2 Rc5 {[#]} 41. Be2 $1 Be7 42. Ra2 Kf7 43. Ra4 d5 44. exd5 Rc2 45. Rf3+ Ke8 46. Bd3 Rd2 47. Ra6 Rxa6 48. bxa6 {[%mdl 4096] Endgame KRB-KRB} Bc5 49. Bxg6+ Kd8 50. Rf7 Ra2 51. Rf6 Ke7 52. Re6+ Kd7 53. Be8+ Kd8 54. Bxh5 Bxf2 (54... Rxf2+ $142 55. Kh3 Rd2 56. Rxe5 Kc7) 55. Kf3 Bd4 56. h4 Ra3+ 57. Kg2 Ra2+ 58. Kh3 Ra3 59. Kg2 (59. Bg6 $142 Bf2 60. Kg2) 59... Ra2+ $1 60. Kh3 Ra3 $1 61. Be2 {White is clearly winning.} Bf2 62. Rg6 e4 63. d6 {Precision: White = 72%, Black = 49%.} 1-0

[Event "5th Cesme Open 2017"]
[Site "Cesme"]
[Date "2017.06.13"]
[Round "3.12"]
[White "Maden, Mirac Kerem"]
[Black "Sadikhov, Ulvi"]
[Result "0-1"]
[WhiteElo "1879"]
[BlackElo "2483"]
[Annotator "TA"]
[PlyCount "102"]
[EventType "swiss"]
[EventCountry "TUR"]
[SourceTitle "playchess.com"]
[Source "ChessBase"]
[SourceQuality "1"]

{[%evp 22,102,13,-2,27,-14,-10,5,41,54,60,-35,-36,-25,-24,-14,-15,-27,-35,-25,-26,-105,-54,-78,-81,-134,-146,-189,-181,-243,-243,-240,-203,-335,-295,-314,-285,-326,-204,-654,-501,-527,-530,-532,-518,-489,-464,-466,-448,-457,-473,-455,-446,-437,-414,-414,-414,-513,-507,-504,-493,-596,-591,-579,-350,-303,-317,-287,-296,-391,-363,-469,-469,-462,-360,-561,-562,-6223,-6115,-29985,-29986,-29986,-29987]} 1. d4 Nf6 2. Nf3 d6 3. g3 g6 4. Bg2 Bg7 5. c4 O-O 6. Nc3 c6 7. O-O Bf5 8. Nh4 Be6 9. d5 cxd5 10. cxd5 Bd7 11. e4 Na6 {E62: King's Indian: Fianchetto: 6...c6 and Panno Variation (6...Nc6) without ...a6} 12. h3 {LiveBook: 4 Games} b5 13. Be3 b4 {The position is equal.} 14. Ne2 e5 $146 ({Predecessor:} 14... Rc8 15. Bxa7 Nc5 16. Bxc5 Rxc5 17. Rc1 Rxc1 18. Qxc1 Qa5 19. Qd2 Qxa2 20. Qxb4 {0-1 (52) Sanchez Gonzalez,S (2295)-Garrido Dominguez,J (2400) Madrid 2013}) 15. dxe6 Bxe6 16. e5 ({Better is} 16. Nf4 $14) 16... dxe5 $15 17. Qa4 Bc4 18. Rfd1 Qe8 19. Bc6 Qe6 20. Bxa8 Rxa8 21. Qc2 (21. Rd2 $1 $11) 21... Bd5 ({Black should play} 21... b3 $17 22. axb3 Bxb3) 22. Kh2 b3 {[%cal Bb4b3,Bb3a2][%mdl 32]} 23. Qd2 ({White should try} 23. axb3 Bxb3 24. Qd2) 23... bxa2 $17 24. Qa5 Bf8 $1 {[%cal Rf8b4] [#] Strongly threatening ...Bb4.} 25. Nc1 (25. Rxd5 $142 $1 {[%mdl 512]} Nxd5 (25... Qxd5 26. Qxa6) 26. Qxa2) 25... Nb4 $19 26. b3 a6 27. Bd2 (27. Ng2 {might work better.}) 27... Nc6 28. Qxa2 Ne4 29. Be1 Ng5 $40 {[%mdl 128] [#] White is in trouble.} 30. g4 $2 (30. Rxd5 $1 {[%mdl 512]} Qxd5 31. Qd2) 30... e4 31. Qd2 Qe5+ 32. f4 exf3+ 33. Bg3 Qxg3+ 34. Kxg3 Ne4+ 35. Kh2 Bd6+ (35... Nxd2 $2 36. Rxd2 Rd8 37. Kg3 $19) 36. Kg1 Bc5+ (36... Nxd2 $2 37. Rxd2 Bc5+ 38. Kf1 $19) 37. Kh2 Nxd2 38. Rxd2 Bd4 39. Rb1 Be4 40. Nd3 Rd8 41. Re1 Bxd3 42. Rxd3 Bg1+ 43. Kxg1 Rxd3 {[%mdl 4096] Endgame KRN-KRN} 44. Kf2 Nd4 ({Don't play} 44... Rxb3 45. Nxf3 Kg7 46. Re8 $19) 45. b4 Kg7 46. Ra1 Kh6 47. Ra5 Rd2+ 48. Kf1 (48. Kg3 $142) 48... Rh2 49. Rxa6 Kg5 50. Rd6 Kxh4 51. Rxd4 Kg3 {Precision: White = 29%, Black = 74%.} 0-1

[Event "5th Cesme Open 2017"]
[Site "Cesme"]
[Date "2017.06.13"]
[Round "3.13"]
[White "Ozsakallioglu, Akin"]
[Black "Drazic, Sinisa"]
[Result "0-1"]
[WhiteElo "1692"]
[BlackElo "2426"]
[Annotator "TA"]
[PlyCount "92"]
[EventType "swiss"]
[EventCountry "TUR"]
[SourceTitle "playchess.com"]
[Source "ChessBase"]
[SourceQuality "1"]

{[%evp 9,92,67,87,-18,-8,-21,0,0,0,-8,0,-18,-21,-25,-1,-201,-91,-161,-158,-192,-202,-196,-187,-259,-216,-215,-211,-222,-209,-219,-208,-271,-263,-285,-267,-277,-233,-460,-458,-459,-456,-454,-447,-444,-415,-496,-476,-503,-487,-503,-503,-502,-487,-487,-486,-526,-524,-477,-474,-470,-464,-452,-444,-1502,-1483,-1379,-1220,-1474,-1414,-1352,-1263,-1720,-1672,-1787,-1823,-1345,-1341,-1939,-1564,-29973,-29975,-29977,-29978,-29982,-29983]} 1. e4 g6 2. d4 Nf6 3. e5 Nh5 4. Be2 d6 5. f4 (5. exd6 Qxd6 6. Bf3 Nc6 7. Ne2 e5 8. d5 Ne7 9. O-O Bg7 10. c4 O-O 11. Nbc3 Nf6 12. Ng3 Nf5 13. Nxf5 Bxf5 {½-½ (42) Leko,P (2731)-Nepomniachtchi,I (2714) Sochi 2014}) 5... c5 6. Nf3 $146 {B06: Modern Defence} ({Better is} 6. d5 $16) ({Predecessor:} 6. c3 dxe5 7. dxe5 Qxd1+ 8. Bxd1 Bh6 9. Ba4+ Nc6 10. Ne2 Bg4 11. g3 O-O-O 12. Bxc6 bxc6 {½-½ (42) Shvayger,Y (2416)-Bakalchuk,J (2382) Jerusalem 2016}) 6... cxd4 $11 7. exd6 Nc6 8. Nxd4 {The position is equal.} Nxd4 9. Qxd4 Bg7 10. Qe3 Qxd6 {Hoping for ...Nxf4!} 11. c3 O-O $36 {[%mdl 2048] White is under pressure.} 12. Nd2 $2 (12. Bxh5 $11 gxh5 13. Nd2) 12... Qxf4 (12... Nxf4 $19 {and Black stays clearly on top.} 13. O-O Qb6 14. Qxb6 Nxe2+ 15. Kf2 axb6 16. Kxe2 Be6) 13. Qxf4 (13. Ne4 $17 e5 14. Bxh5 Qh4+ 15. Ng3 gxh5 16. Qg5 Qxg5 17. Bxg5) 13... Nxf4 $19 14. g3 Nxe2 15. Kxe2 Rd8 16. h3 (16. Kf2 $142) 16... h5 17. Nf3 e5 18. Bg5 f6 19. Be3 Be6 20. b3 b5 21. Rac1 Rac8 22. Nd2 a6 23. Ne4 $2 (23. c4 {was worth a try.}) 23... Bd5 24. Nc5 Bxh1 25. Rxh1 Rc6 26. b4 Bf8 27. a4 Bxc5 28. Bxc5 {[%mdl 4096] Endgame KRR-KRB} Rd5 29. axb5 axb5 30. Ra1 Kf7 31. Ra7+ Ke6 32. g4 hxg4 33. hxg4 {[%csl Gc5][%cal Ra7e7] [#]} Rdxc5 34. bxc5 {KR-KR} Kd5 35. Kd3 f5 36. gxf5 (36. Rd7+ $142 Ke6 37. Rb7) 36... gxf5 {[%cal Bg6f5,Bf5f4][%mdl 32]} 37. Rf7 Ke6 38. Rb7 Rxc5 39. Rb6+ Kd5 40. Rf6 f4 41. Rf5 Rc8 42. Rf7 Rd8 {[#] ( -> ...Ke6+)} 43. Ra7 e4+ {[%cal Be5e4,Be4e3][%mdl 32]} 44. Kc2 e3 {Black mates.} 45. Re7 Rf8 46. Rd7+ Ke5 {Precision: White = 23%, Black = 70%.} 0-1

[Event "5th Cesme Open 2017"]
[Site "Cesme"]
[Date "2017.06.13"]
[Round "3.14"]
[White "Garabetyan, Arno"]
[Black "Rasulov, Vugar"]
[Result "0-1"]
[WhiteElo "2086"]
[BlackElo "2508"]
[Annotator "TA"]
[PlyCount "80"]
[EventType "swiss"]
[EventCountry "TUR"]
[SourceTitle "playchess.com"]
[Source "ChessBase"]
[SourceQuality "1"]

{[%evp 21,80,27,50,39,35,14,37,31,49,39,54,47,75,68,59,22,10,21,27,28,27,-10,-7,-8,-20,-16,0,-6,0,0,27,-52,-50,-237,-220,-212,-200,-199,-138,-144,-127,-271,-290,-341,-387,-386,-384,-356,-377,-378,-377,-333,-298,-360,-369,-437,-439,-651,-636,-29988,-29989]} 1. Nf3 Nf6 2. g3 g6 3. Bg2 Bg7 4. c4 O-O 5. Nc3 d6 6. d4 Nbd7 7. O-O e5 8. Qc2 Re8 9. Rd1 exd4 10. Nxd4 a6 11. b3 Rb8 12. Bb2 {E67: King's Indian: Fianchetto: 6...Nbd7} (12. h3 c5 13. Nf3 b5 14. cxb5 axb5 15. Bb2 Qe7 16. e3 b4 17. Nd5 Nxd5 18. Rxd5 Nf6 19. Rdd1 Bf5 {0-1 (36) Melkumyan,H (2622)-Mamedov,R (2657) Berlin 2015}) 12... c6 13. e4 Qe7 14. f3 $146 {White is slightly better.} ({Predecessor:} 14. h3 c5 15. Nde2 b5 16. cxb5 axb5 17. Nf4 Bb7 18. Nxb5 Bxe4 19. Bxe4 Qxe4 20. Qxe4 Nxe4 21. Bxg7 Rxb5 {1-0 (41) Toshkov,T (2440)-Fernandez,J (2385) Cienfuegos 1984}) 14... Nc5 15. Qd2 Rd8 16. Re1 h5 17. Rad1 Qc7 18. Kh1 b5 19. cxb5 axb5 20. b4 Ne6 21. Rc1 Nxd4 22. Qxd4 {[#] aiming for Nd5!} Qe7 23. Ne2 Bb7 (23... c5 $5 {[%cal Rc5d4]} 24. Qd2 (24. bxc5 dxc5 25. Qc3 Be6 $15) 24... c4 $11) 24. a3 Ra8 (24... c5 $5 25. Qd2 (25. bxc5 dxc5 26. Qxc5 Qxc5 $11) 25... c4 $11) 25. Qd2 Nd7 (25... h4 $5) 26. Nd4 (26. Bxg7 $11 Kxg7 27. f4) 26... Ne5 $1 $15 {[%cal Re5c4] Hoping for ...Nc4.} 27. Bf1 $2 {[#]} (27. Qc3 $15) 27... c5 $19 28. f4 cxd4 29. fxe5 Qxe5 ({Black should play} 29... dxe5 $19 30. Bxb5 f5) 30. Bg2 Rdc8 31. Qd3 (31. Rcd1 $17 {was necessary.}) 31... Rxc1 32. Rxc1 Re8 33. Kg1 Bxe4 34. Bxe4 Qxe4 35. Qxe4 Rxe4 {KRB-KRB} 36. Kf2 g5 {[%cal Bg6g5,Bg5g4][%mdl 32]} 37. Rc8+ Kh7 38. Bc1 g4 39. Rb8 (39. Rc6 $142 Be5 40. Rc2) 39... d3 40. Be3 Bd4 {Precision: White = 25%, Black = 67%.} 0-1

[Event "5th Cesme Open 2017"]
[Site "Cesme"]
[Date "2017.06.13"]
[Round "3.15"]
[White "Khamrakulov, Djurabek"]
[Black "Bilyap, Enis"]
[Result "1-0"]
[WhiteElo "2478"]
[BlackElo "2017"]
[Annotator "TA"]
[PlyCount "96"]
[EventType "swiss"]
[EventCountry "TUR"]
[SourceTitle "playchess.com"]
[Source "ChessBase"]
[SourceQuality "1"]

{[%evp 9,96,37,39,28,51,51,54,47,61,55,96,48,37,5,26,-32,-32,-46,-33,-24,-37,-60,-44,-79,-68,-84,-78,-83,0,-127,-98,-123,-30,-34,0,0,0,0,64,66,75,73,51,53,77,73,75,77,87,88,107,94,91,89,105,104,179,178,193,155,181,170,173,179,297,302,289,286,347,345,342,352,342,342,414,405,434,362,437,461,513,507,712,757,1154,1102,1835,1824,1714]} 1. e4 d6 2. d4 Nf6 3. Nc3 c6 4. f4 Qa5 5. Qd3 e5 (5... b5 6. Bd2 b4 7. Nce2 Ba6 8. Qf3 Qb6 9. O-O-O e6 10. g4 d5 11. e5 Ne4 12. Ng3 Nxd2 13. Rxd2 {1-0 (36) Pakhomov,A (2449)-Asadchenko,N (2326) Alapaevsk 2007}) 6. Nf3 {[%cal Rf4e5] B07: Pirc Defence: Miscellaneous Systems} exd4 7. Nxd4 Be7 8. Bd2 $146 {White is slightly better.} ({Predecessor:} 8. Be2 O-O 9. O-O Re8 10. a3 Qc7 11. h3 a5 12. Qg3 Bf8 13. Bf3 {0-1 (59) Kakhramonova,M (2035)-Antonova,N (2082) Dushanbe 2015}) 8... Qc7 9. O-O-O Nbd7 10. h3 b5 11. Re1 {And now e5! would win.} b4 {Strongly threatening ...Nc5.} 12. Nb1 (12. Na4 $11) 12... a5 13. e5 dxe5 14. fxe5 Nc5 15. Qf3 Nd5 16. Bc4 {Black must now prevent Nxc6!} O-O 17. Rhf1 {Black should prevent Nxc6!} Be6 18. Nf5 Nb6 ({Better is} 18... Kh8 $17) 19. Be2 (19. Bxe6 $11 fxe6 20. Qxc6 $1 {[%mdl 512]} Nd3+ 21. Kd1 Nxb2+ 22. Kc1 Nd3+ 23. Kd1 Nb2+ 24. Kc1 Nd3+ 25. Kd1 Nb2+) 19... Bxf5 $17 20. Qxf5 Qd7 (20... Rad8 $17 21. b3 Rd5) 21. Qxd7 $1 $11 Ncxd7 (21... Nbxd7 {feels hotter.} 22. Bf3 Rac8 23. Be3 Ne6 24. Nd2 Nxe5 25. Be2 Rcd8) 22. Bf3 Rac8 23. Bg4 Rc7 (23... Rcd8 $11) 24. e6 $14 fxe6 25. Bxe6+ Kh8 26. Rxf8+ Nxf8 27. Bf4 $36 {[%mdl 2048] White has strong initiative.} Rb7 28. Nd2 Nxe6 29. Rxe6 h6 30. Nb3 Nd5 31. Bd2 a4 32. Na5 Rb5 (32... Rb6 $16 {was called for.}) 33. Nxc6 $18 Bf6 34. Re8+ Kh7 35. Rb8 Rxb8 36. Nxb8 {[%mdl 4096] Endgame KBN-KBN} a3 (36... Bg5 {keeps fighting.} 37. Nc6 Kg6) 37. bxa3 bxa3 {[#]} 38. c4 $1 {[%cal Rc4d5]} Nc7 39. Kc2 Kg6 40. Kb3 Kf5 41. Kxa3 Ke4 {If only Black now had time for ...Kd3....} 42. Nd7 Bd4 43. Ka4 Kd3 44. Ba5 {White is clearly winning.} Ne6 45. Kb5 Ke2 46. c5 {[%cal Bc4c5,Bc5c6][%mdl 32]} Kf2 47. c6 Kxg2 {[#]} 48. Nf8 $1 {[%mdl 512]} Nd8 {Precision: White = 69%, Black = 34%.} (48... Nxf8 49. c7) 1-0